आचार्य चतुरसेन की अनमोल कहानिया/ (Record no. 199691)
[ view plain ]
| 000 -LEADER | |
|---|---|
| fixed length control field | 00751nam a22001937a 4500 |
| 005 - DATE AND TIME OF LATEST TRANSACTION | |
| control field | 20231219131708.0 |
| 010 ## - LCCN (DPL NO) | |
| LC control number | HN-126579 |
| 020 ## - INTERNATIONAL STANDARD BOOK NUMBER | |
| Terms of availability | 500.00 |
| International Standard Book Number | 9789393175038 |
| 035 ## - SYSTEM CONTROL NUMBER | |
| System control number | HN-98925 |
| 037 ## - SOURCE OF ACQUISITION | |
| Source of stock number/acquisition | DBAD/PUB |
| 082 ## - DEWEY DECIMAL CLASSIFICATION NUMBER | |
| Classification number | क |
| 100 ## - MAIN ENTRY--PERSONAL NAME | |
| Personal name | चतुरसेन |
| 245 ## - TITLE STATEMENT | |
| Title | आचार्य चतुरसेन की अनमोल कहानिया/ |
| Statement of responsibility, etc | चतुरसेन |
| 250 ## - EDITION STATEMENT | |
| Edition statement | 1 |
| 260 ## - PUBLICATION, DISTRIBUTION, ETC. (IMPRINT) | |
| Place of publication, distribution, etc | नई दिल्ली |
| Name of publisher, distributor, etc | नीलगिरी प्रकाशन |
| Date of publication, distribution, etc | 2022 |
| 270 ## - ADDRESS | |
| Address | 4760-61 द्वितीय तल, 23,अंसारी रोड |
| City | नई दिल्ली |
| Postal code | 110002 |
| 300 ## - PHYSICAL DESCRIPTION | |
| Extent | 151पृ.; |
| Other physical details | 23 से.मी.(सजिल्द) |
| 942 ## - ADDED ENTRY ELEMENTS (KOHA) | |
| Source of classification or shelving scheme | Dewey Decimal Classification |
| Item type | Hindi Books |
| Classification part | क |
| Call number suffix | चतुर |
| Withdrawn status | Lost status | Not for loan | Collection code | Home library | Current library | Date acquired | Source of acquisition | Cost, normal purchase price | Full call number | Barcode | Copy number | Cost, replacement price | Koha item type |
|---|---|---|---|---|---|---|---|---|---|---|---|---|---|
| Non-fiction | Ashok Vihar | Ashok Vihar | 19/12/2023 | DBAD/PUB | 500.00 | क चतुर | HN-98925 | 1 | 500.00 | Hindi Books |
